000 00247nam a22000977a 4500
999 _c11597
_d11597
008 190805b ||||| |||| 00| 0 eng d
020 _a9780241365700
100 _aDraper
_97306
245 _aFindout Earth
260 _aIndia
_bPenguin Random House
_c2018